000 00607cam a22002292a 4500
999 _c6096
_d6096
001 6096
003 BD-JhCC
005 20180211193552.0
008 500101s1961 vp a 000 0 eng d
035 _a(BD-JhCC)6096
040 _aDLC
_cYDM
_dUKM
_dEQO
_dBD-JhCC
041 _aeng
050 0 _aTP807
_b.V3
082 _a666.3
_bBAK 1961
100 1 _aVal Baker, Denys,
_d1917-1984.
245 0 0 _aPottery today /
_cDenys Val Baker
260 _aOxford University Press :
_bLondon,
_c1961.
300 _a144 p. :
_billus. ;
_c23 cm.
504 _aIncludes bibliography
650 0 _aPottery
942 _2ddc
_cBK